000 00287nam a22001337a 4500
008 170906b xxu||||| |||| 00| 0 eng d
020 _a0934943028
041 _aeng
080 _a72
100 _a41
101 _aARK
245 _aEARLY AMERICAN SHIPS
_cMILLAR, J,F
942 _2udc
_cBK
999 _c26377
_d26377